000 01030nmm a2200337 a 4500
003 AR-BaBNM
005 20251128205140.0
008 011101s1991 ||||||||||||||000 | spa||
020 _a968-24-4127-7
040 _cAR-BaBNM
100 1 _aFuentes Navarro, Raúl
245 1 0 _aDiseño curricular para las escuelas de comunicación
250 _a1ª ed.
260 _aMéxico, D.F.
_bTrillas
_c1991
300 _a183 p.
500 _aAnexo bibliográfico p. 137-178
500 _aIndice onomástico p. 179-180
500 _aIndice analítico p. 181-183
650 4 _aCURRICULO
650 4 _aCOMUNICACION
650 4 _aESCUELAS
650 4 _aEVALUACION DEL CURRICULO
650 4 _aFORMACION DE DOCENTES
650 4 _aPLAN DE ESTUDIOS UNIVERSITARIOS
650 4 _aPROGRESO TECNOLOGICO
651 4 _aAmérica Latina
700 1 _aSolís Leree, Beatriz
_eprologuista
710 2 _aFederación Latinoamericana de Asociaciones de Facultades de Comunicación Social [México]
942 _cBK
998 _cCarmen
999 _c10191
_d10191